000 00484nmm a2200157Ia 4500
008 251105s9999||||xx |||||||||||||||||und||
020 _a9788482802961
041 _aspa
100 _aPorras Collantes, Ernesto
245 0 _aGuía de lectura de : Edipo rey, de Sófocles
264 _a[Bogotá, Colombia] :
_bOveja Negra,
_c1993
300 _a36 páginas
650 _aGreek- Latin literature and language
856 _uhttps://public.digitaliapublishing.com/a/29525
942 _cCF
999 _c86059
_d86059